| 000 | 01368cab a2200493 4500 | ||
|---|---|---|---|
| 001 | ABS58089 | ||
| 008 | 090401t1997 xxu||||| |||| 00| 0 eng d | ||
| 035 | _a(Sirsi) u82922 | ||
| 041 | _aeng | ||
| 245 | _aDesign-build around the world | ||
| 260 | _c1997 | ||
| 350 | _a0 | ||
| 490 |
_aBuilding Economist _vDecember 1997, 32-33(2) |
||
| 520 | _aReports on a study of the use of design-build methods in various countries around the world. Details frquency of use, current trends and standard contracts in Europe, and North American & Pacific countries, as well as typical projects which use this method. | ||
| 650 | _aAUSTRALIA | ||
| 650 | _aBELGIUM | ||
| 650 | _aBUILT ENVIRONMENT-BUILDING CONTRACT FORMS | ||
| 650 | _aCANADA | ||
| 650 | _aDENMARK | ||
| 650 | _aDESIGN AND BUILD CONTRACTS | ||
| 650 | _aEUROPE | ||
| 650 | _aFINLAND | ||
| 650 | _aFRANCE | ||
| 650 | _aGERMANY | ||
| 650 | _aGREECE | ||
| 650 | _aHOLLAND | ||
| 650 | _aIRELAND | ||
| 650 | _aITALY | ||
| 650 | _aJAPAN | ||
| 650 | _aMEXICO | ||
| 650 | _aNETHERLANDS | ||
| 650 | _aNEW ZEALAND | ||
| 650 | _aNORTH AMERICA | ||
| 650 | _aNORWAY | ||
| 650 | _aPACIFIC | ||
| 650 | _aRUSSIA | ||
| 650 | _aSPAIN | ||
| 650 | _aSWEDEN | ||
| 650 | _aUNITED STATES | ||
| 650 | _aUSA | ||
| 690 | _aOVERSEAS-REST OF THE WORLD | ||
| 942 | _n0 | ||
| 948 | _c05/01/1998 | ||
| 999 |
_c52378 _d52378 |
||